[Event "RUS-ch"]
[Site "Elista"]
[Date "1995.??.??"]
[Round "4"]
[White "Tunik, Gennady"]
[Black "Rublevsky, Sergei"]
[Result "0-1"]
[WhiteElo "2515"]
[BlackElo "2595"]
[Annotator "Hecht,H"]
[PlyCount "134"]
[EventDate "1995.10.??"]
[EventType "swiss"]
[EventRounds "11"]
[EventCountry "RUS"]
[SourceTitle "CBM 050"]
[Source "ChessBase"]
[SourceDate "1996.02.01"]
[SourceVersion "1"]
[SourceVersionDate "1996.02.01"]
[SourceQuality "1"]

1. d4 d5 2. Nf3 Nf6 3. c4 dxc4 4. Qa4+ Nc6 5. Qxc4 Nd7 6. e4 e5 7. d5 Ne7 8.
Nc3 a6 9. Be3 Ng6 10. h4 Bd6 11. h5 Ne7 12. h6 g6 13. Ng5 O-O 14. Be2 Nf6 15.
O-O-O Ng4 16. Bxg4 Bxg4 17. f3 Bd7 18. Kb1 b5 19. Qb3 Qe8 20. Ne2 b4 21. Rc1
Ba4 22. Qd3 Rd8 23. Bc5 c6 24. Bxd6 Rxd6 25. f4 Bb5 26. Qd2 Nxd5 27. Ka1 f6 28.
exd5 Rxd5 29. Qxb4 Bxe2 30. Ne4 Rd4 31. Qb3+ Kh8 32. Nc5 Rxf4 33. Ne6 Bc4 34.
Rxc4 Qxe6 35. Qb7 Qf7 36. Qxf7 Rxf7 {TT - TT Motive: beiderseits verbundene
Freibauern, Taktik} 37. Rxc6 Kg8 38. Rxa6 Rd7 39. a4 Kf7 40. a5 g5 41. Ka2 e4
42. Re1 Rd5 43. Ka3 Re5 44. Ra8 e3 45. a6 e2 46. a7 Rf1 47. Rf8+ Kg6 48. a8=Q
Rxe1 49. Qf3 Ra1+ 50. Kb3 Rb5+ (50... e1=Q $2 51. Rxf6#) 51. Kc4 (51. Kc2 e1=N+
$19) 51... Rb4+ $1 52. Kc5 (52. Kxb4 e1=Q+ 53. Kb3 Qd1+ $17) 52... Ra5+ 53.
Kxb4 (53. Kc6 Ra6+ 54. Kc5 e1=Q 55. Rg8+ Kxh6 56. Qh3+ Rh4 $19) 53... e1=Q+ 54.
Qc3 Re5 55. Qxe1 Rxe1 56. Kc3 f5 57. b4 f4 58. Rb8 Kxh6 59. b5 Kh5 60. Kc2 Rg1
61. b6 Rxg2+ 62. Kc3 Rg1 63. Kc2 Re1 64. Rc8 Re7 65. Rc7 Re6 66. b7 Rb6 67.
Rxh7+ Kg4 0-1

[Event "ARG-ch"]
[Site "Buenos Aires"]
[Date "1998.04.29"]
[Round "13"]
[White "Soppe, Guillermo"]
[Black "Ricardi, Pablo"]
[Result "0-1"]
[WhiteElo "2455"]
[BlackElo "2555"]
[Annotator "Huzman,A"]
[PlyCount "92"]
[EventDate "1998.04.15"]
[EventType "tourn"]
[EventRounds "15"]
[EventCountry "ARG"]
[EventCategory "9"]
[SourceTitle "CBM 065"]
[Source "ChessBase"]
[SourceDate "1998.08.06"]
[SourceVersion "1"]
[SourceVersionDate "1998.08.06"]
[SourceQuality "1"]

1. c4 Nf6 2. Nc3 e6 3. Nf3 d5 4. d4 dxc4 5. Qa4+ Nc6 6. Qxc4 Bb4 7. Bd2 $6 (7.
Bg5 $5) 7... O-O 8. g3 Nd5 $5 9. e4 (9. Bg2 Nb6 10. Qd3 e5 11. Ng5 (11. Nxe5
Nxd4 (11... Nxe5 12. dxe5 Qxd3 13. exd3 Rd8 14. Be4 $16) 12. O-O-O Qd6 $11 (
12... Bf5 13. Ne4 $36)) 11... f5 12. Bxc6 bxc6 13. dxe5 Qxd3 14. exd3 Rd8 $36)
9... Nf6 10. e5 (10. Bd3) (10. Bg5 h6 11. Bxf6 Qxf6 12. Bg2 $14) 10... Nd5 11.
Bg2 (11. O-O-O $5 Nb6 (11... Be7 12. Ne4 $36) 12. Qd3) 11... Be7 {[%cal Yd5b6,
Yc6b4,Yb4d5]} 12. O-O Ndb4 $5 {[%cal Yb7b6,Yc8a6,Ya6f1]} (12... Nb6 13. Qd3 Nb4
(13... f6 $5 $132) 14. Qe4 Bd7 15. Qg4 $40) 13. Rfc1 b6 14. Be3 (14. Nb5 $142
Ba6 15. a3 Na5 16. Qxc7 Nd3 $132 (16... Nb3 17. Bxb4 $18)) 14... Ba6 15. Qb3
Na5 16. Qd1 Nc4 $1 (16... Nd3 17. Rc2 {[%csl Ra5]}) 17. Rab1 c5 18. a3 Nc6 (
18... Nxe3 19. fxe3 Nd5 $1 (19... Nd3 20. Rc2 {[%csl Rd3]}) 20. Nxd5 exd5 $15)
19. Qa4 cxd4 $2 (19... Nxe3 20. fxe3 Bb7 21. b4 $36) 20. Qxa6 (20. Bxd4 Nxd4 (
20... Rc8 21. Qxa6 Nxd4 22. Nxd4 Qxd4 23. Nb5 $1 $16) 21. Nxd4 Qxd4 22. Bxa8
Bc5 23. Qxa6 (23. Rc2 Rxa8 24. Qxa6 Nd2 25. Qb7 Rd8 26. Rd1 Qxf2+ 27. Kh1 Qf5
$44) 23... Rxa8 (23... Qxf2+ 24. Kh1 Rxa8 25. Rf1 Qd4 26. Rf4 $18) 24. Ne4 $1
$16) (20. Nxd4 Nxd4 21. Bxa8 (21. Bxd4 {-see 20.Bd4}) (21. Qxa6 Nxe3 22. fxe3
Nb3 23. Rd1 $16)) 20... Nxe3 21. fxe3 (21. Nxd4 Nxd4 $1 (21... Qxd4 22. Bxc6
Ng4 (22... Rac8 23. Nb5 Qd3 24. Qb7 $1 $16) 23. Qe2 Rac8 24. Nb5 Qxe5 25. Qxg4
Rxc6 26. Rxc6 Qxb5 27. Qc4 $16) 22. fxe3 Nf5 23. Bxa8 Qxa8 $44 {[%cal Ye7c5,
Yc5g1,Yf5e3,Ya8g2]}) 21... dxc3 22. Rxc3 Rc8 23. Rbc1 Bc5 24. Kf1 (24. b4 $2
Nxb4 25. axb4 Bxe3+ $17) (24. Kh1 $142 $1 {[%cal Gb2b4,Gc3d3]} Ne7 25. Rd3 $16)
24... Ne7 25. e4 $2 (25. Rd3 Nd5 26. e4 Ne3+ 27. Ke2 Qe8 28. Rxc5 $16) 25...
Be3 $1 26. Rxc8 Nxc8 $15 27. Re1 Bh6 {[%csl Re4,Re5,Rg2]} 28. Qc4 Ne7 29. h4 $2
(29. Ke2 $142 $15 {[%cal Ge1d1,Gd1d8]}) 29... Qd7 30. Kg1 Rc8 31. Qb3 g6 32.
Rd1 Qc6 $17 33. Qb4 Qc2 34. Rf1 (34. Rd7 Nc6 35. Qb5 Qxe4 $17) 34... Be3+ $6 (
34... Nc6 35. Qd6 Qxe4 $17) 35. Kh1 Bc5 36. Qb5 Nc6 37. b4 Be3 {[%cal Yc8d8,
Yd8d1]} 38. Qa6 Rd8 $2 (38... Rc7 $17) 39. Qb7 Rd1 $4 (39... Rf8 $11) 40. Rxd1
$4 (40. Ne1 $18 {[%cal Gb7f7,Gf1f7]}) 40... Qxd1+ 41. Kh2 Nd4 $19 42. Nxd4 Bxd4
43. Qc7 (43. Qxa7 Bg1+ $1 44. Kh1 (44. Kh3 h5 $19) 44... Bf2+ 45. Kh2 Qg4 $19)
43... Kg7 (43... Bg1+ $1 44. Kh1 Bf2+ 45. Kh2 Qd3 $19) 44. Qxa7 (44. Qd6 $8 Qa1
$17 {/-+}) 44... Qg1+ 45. Kh3 Bxe5 {[%cal Yg1f2]} 46. Qxb6 (46. Qe7 h6 $19)
46... Qxb6 0-1

[Event "Enghien les Bains 4th"]
[Site "Enghien les Bains"]
[Date "2001.04.19"]
[Round "8"]
[White "Akopian, Vladimir Eduardovic"]
[Black "Bareev, Evgeny"]
[Result "1/2-1/2"]
[WhiteElo "2654"]
[BlackElo "2709"]
[Annotator "Huzman,A"]
[PlyCount "46"]
[EventDate "2001.04.11"]
[EventType "tourn"]
[EventRounds "9"]
[EventCountry "FRA"]
[EventCategory "17"]
[SourceTitle "CBM 083"]
[Source "ChessBase"]
[SourceDate "2001.07.05"]
[SourceVersion "1"]
[SourceVersionDate "2001.07.05"]
[SourceQuality "1"]

1. Nf3 d5 2. d4 Nf6 3. c4 c6 4. Qb3 dxc4 5. Qxc4 Bf5 6. Nc3 e6 7. g3 Nbd7 8.
Bg2 Be7 9. O-O O-O 10. e3 Ne4 11. Qe2 Qa5 12. Bd2 Nxd2 13. Nxd2 Qb4 (13... Bg6
14. a3 Rad8 (14... Qb6 15. Nc4 Qa6 16. Rfc1 Rad8 17. b4 Nb6 18. Na5 Bd3 19. Qd2
e5 20. Nxb7 Qxb7 21. Qxd3 exd4 22. exd4 Qd7 23. Ne4 $16 {1/2-1/2 Kachiani
Gersinska,K-Loncar,R/Mitropa Cup 1995/CBM 46 ext (51)}) 15. b4 Qc7 16. Rfc1 Qb8
17. Nb3 Rfe8 18. Na5 a6 19. Qb2 Nb6 20. Ne4 {1/2-1/2 Hoffmann,M-Kuporosov,V/
Seefeld 1998/EXT 2000 (20)}) 14. Nc4 (14. Nb3 a5 $1 $132) 14... b5 $1 15. e4 (
15. Na3 Rac8 16. Rac1 a6 $15 {[%csl Ra3][%cal Yc6c5]}) (15. Ne5 Nxe5 16. dxe5
Rad8 17. Rfd1 Qc5 18. f4 f6 $15) 15... Bxe4 (15... Bg6 16. Ne3 $14 {[%csl Rc6,
Rg6]}) 16. Bxe4 (16. Qxe4 bxc4 17. Qxc6 Nb6 18. Rab1 Rfd8 19. Rfd1 Rac8 20. Qe4
Bf6 $15) 16... Qxc4 17. Qxc4 bxc4 18. Bxc6 Rad8 $11 19. Rfd1 Nb6 {[%cal Ye7f6]}
20. d5 Rc8 (20... exd5 21. Nxd5 (21. Bxd5 Bf6 $11) 21... Nxd5 22. Bxd5 Bf6 23.
Rac1 Bxb2 24. Rxc4 Rd7 $11) 21. Bb5 (21. d6 Bf6 (21... Rxc6 22. dxe7 Re8 23.
Rd8 Rc8 24. Rad1 f6 25. Nb5 $18) 22. Bf3 Rfd8 $11 {[%csl Rd6]}) 21... exd5 $11
22. Nxd5 Nxd5 23. Rxd5 c3 1/2-1/2

[Event "Flamenco Veterans-Women"]
[Site "Marbella"]
[Date "1999.10.23"]
[Round "3"]
[White "Portisch, Lajos"]
[Black "Galliamova, Alisa"]
[Result "1-0"]
[WhiteElo "2552"]
[BlackElo "2556"]
[Annotator "Huzman,A"]
[PlyCount "89"]
[EventDate "1999.10.21"]
[EventType "schev"]
[EventRounds "10"]
[EventCountry "ESP"]
[SourceTitle "CBM 074"]
[Source "ChessBase"]
[SourceDate "2000.02.01"]
[SourceVersion "1"]
[SourceVersionDate "2000.02.01"]
[SourceQuality "1"]

1. d4 d5 2. c4 c6 3. Nf3 Nf6 4. Qb3 dxc4 5. Qxc4 Bf5 6. Nc3 e6 7. g3 Be7 8. Bg2
O-O 9. O-O Nbd7 10. e3 b5 11. Qb3 (11. Qe2 b4 12. Nb1 c5 13. Nbd2 Rc8 14. b3
Nd5 15. Bb2 Nc3 16. Bxc3 bxc3 17. Nc4 Nb6 18. Rac1 Nxc4 {1/2-1/2 Iljushin,
A-Skatchkov,P/St Petersburg 1999/CBM 74 no vc (18)} (18... Nxc4 19. bxc4 cxd4 (
19... Qa5 20. e4 Bg4 21. d5 Rb8 22. Rc2 $11) 20. Nxd4 (20. exd4 c2 $15) 20...
Bf6 21. Rxc3 Bxd4 22. exd4 Qxd4 23. Rfc1 Rc5 $11)) 11... b4 12. Na4 Be4 13. Bd2
Qa5 14. Rfc1 (14. a3 Qh5 15. Qd1 bxa3 16. bxa3 Rab8 $15) 14... Rfd8 15. Ne1 c5
(15... Bxg2 16. Nxg2 (16. Kxg2 Ne4 17. Nf3 c5 $15) 16... Ne4 17. Be1 Rac8 (
17... c5 $2 18. Nxc5 Ndxc5 19. dxc5 Bxc5 20. Qc4 $16) (17... Ng5 18. Nh4 (18.
Rxc6 Nf3+ 19. Kh1 Qh5 20. h4 Qf5 21. Nf4 Nxe1 22. Rxe1 Qe4+ $19) 18... Qd5 (
18... Qb5 19. Qc2 $11) 19. Qxd5 cxd5 $11) 18. a3 Qf5 19. axb4 Ng5 $44) {
Interesing complications appeared after} 16. a3 (16. Nxc5 Nxc5 17. Qxb4 $1 Qc7
(17... Qxb4 18. Bxb4 Nb3 19. Bxe7 Nxc1 20. Bxd8 Ne2+ 21. Kf1 $18) 18. f3 (18.
Qc4 Bxg2 19. Nxg2 Qb7 20. Ba5 Rdc8 (20... Nce4 21. Bxd8 Rxd8 22. Qc7 $16) 21.
dxc5 Rxc5 22. Qa4 Qxb2 $15) (18. dxc5 $2 Bxg2 19. Nxg2 a5 $19) 18... Bg6 19.
dxc5 (19. Qc4 Qd7 20. Ba5 Na4 (20... Nb7 21. Bxd8 Nd6 22. Qc7 Rxd8 23. Qxd7
Rxd7 24. Kf2 $14) 21. Bxd8 Rxd8 22. b3 Nb6 23. Qc6 Nfd5 $132) (19. Qa5 Qd7 (
19... Qxa5 20. Bxa5 Ncd7 21. Bxd8 Bxd8 $132) 20. Rxc5 Bxc5 21. Qxc5 Rac8 $11)
19... Rac8 20. Qa5 Bxc5 21. Qxc7 Rxc7 22. b4 Bb6 (22... Rxd2 23. Rxc5 Rxc5 24.
bxc5 Nd5 25. Rc1 Kf8 (25... Rxa2 26. c6 Nc7 27. Rd1 $18) 26. e4 Ne7 27. Rc2 $16
) 23. Rxc7 Bxc7 24. Rd1 (24. Bc3 Bb6 25. Kf2 Nd5 26. Bd2 Nxe3 $17) 24... Bb6
25. Kf2 Nd5 26. Rc1 (26. Bc1 Nxb4 $11) 26... Nf4 $1 (26... Nxe3 $4 27. Bxe3
Rd2+ 28. Kf1 Bxe3 29. Rc8+) 27. Bc3 (27. gxf4 Rxd2+ 28. Kg3 Kf8 $17) 27... Nd5
28. Bd2 $11) 16... Bxg2 17. axb4 (17. Nxg2 Ne4 18. Be1 cxd4 19. exd4 Qf5 (19...
Rab8 $15) 20. axb4 Ng5 21. f4 Nh3+ 22. Kh1 Nf6 $44) 17... cxb4 18. Nxg2 Ne4 19.
Be1 Qf5 (19... Ng5 20. Nf4 Qf5 21. Qd3 Qg4 22. Qe2 $11) 20. Qc2 e5 (20... Qf3
21. Bxb4 (21. Qd1 Ne5 $1) 21... Bxb4 22. Nh4 Qxf2+ 23. Qxf2 Nxf2 24. Kxf2 $11)
21. Nc5 (21. Bxb4 Bxb4 22. Nh4 Qxf2+ 23. Qxf2 Nxf2 24. Kxf2 exd4 25. exd4 Nf6
$15) 21... Bxc5 (21... Ndxc5 22. dxc5 b3 23. Qxb3 Nxc5 $15) 22. Nh4 (22. dxc5
Ndxc5 23. Nh4 Qe6 24. Bxb4 Nd3 $17) 22... Qg4 (22... Qe6 23. Qxe4 (23. dxc5
Nexc5 $17 {[%cal Yc5b3]}) 23... exd4 24. Qxe6 fxe6 $17) 23. dxc5 (23. f3 Qe6
24. dxc5 Nexc5 $17) 23... Nexc5 24. Ra5 Ne6 $2 {Black are loosing control over
the game.Two other moves gave the Black advantage.} (24... b3 25. Qc4 (25. Qd1
Qe4 26. Qe2 Nd3 $17) (25. Qf5 Qe2 26. Bc3 Nd3 27. Rca1 Nxb2 28. Rd5 g6 29. Qb1
Qc4 $19) 25... Qxc4 26. Rxc4 Nd3 27. Bc3 Nb6 28. Rc6 Nd5 29. Rb5 Nxc3 30. Rxc3
Nxb2 31. Rbxb3 Rab8 $17) (24... Qe6 25. Qc4 Nb3 26. Ra6 Qxc4 (26... Qxa6 27.
Qxa6 Nxc1 28. Bxb4 $11) 27. Rxc4 Nbc5 (27... Nb6 28. Rc7 Rd1 29. Kf1 $11) 28.
Ra5 (28. Rd6 a5 $17) 28... Nd3 29. Bxb4 Nb6 30. Rg4 h5 31. Re4 g6 $17) 25. Qc4
Qxc4 26. Rxc4 b3 27. Bc3 $44 g6 28. Nf3 f6 29. Nd2 Nb6 (29... Rdb8 30. f4 $132)
30. Rc6 Ng5 (30... Kf7 31. Nxb3 Nd5 32. Rca6 Rd7 (32... Nxc3 33. Rxa7+ Rxa7 34.
Rxa7+ Kg8 35. bxc3 Rd3 (35... Rc8 36. Nd2 $1) 36. Ra8+ Kf7 37. Rc8 $14) 33.
Rxe6 Nxc3 34. Rea6 Ne4 35. Ra4 (35. f3 Ng5 36. Kf2 Rb7 $132) 35... f5 $11) 31.
h4 Nd5 (31... Rxd2 32. hxg5 Rd1+ 33. Kg2 Nd5 34. gxf6 $16) (31... Nf7 32. Nxb3
(32. Ne4 f5 33. Nf6+ (33. Ng5 $5 e4 34. Nxf7 Kxf7 35. Bd4 $16) 33... Kg7 34.
Bxe5 Nxe5 35. Rxe5 Rf8 (35... Nc8 36. Ree6 $16 {[%cal Gh4h5]}) 36. Re7+ Rf7 37.
Rxf7+ Kxf7 38. Nxh7 Na4 39. Ng5+ Ke7 40. Rxg6 Rb8 $1 $132) 32... Rac8 33. Rxc8
Nxc8 $14) 32. Rxd5 Rxd5 33. hxg5 fxg5 34. Rc7 $1 (34. Nxb3 $5 $16) (34. Ne4 $1
Rd1+ 35. Kg2 Rad8 36. Rc7 $18) 34... a5 35. Nxb3 (35. Ne4 Rf8 36. Nxg5 $18)
35... a4 36. Nc5 a3 37. bxa3 Rxa3 38. Ne4 Ra6 39. Nxg5 h5 40. Kg2 Rad6 41. Ne4
Re6 42. Kh3 (42. Rc8+ Kg7 43. f4 $18) 42... Rd8 43. f4 Rde8 (43... exf4 44.
Nf6+ Rxf6 45. Bxf6 Rd6 46. Be5 $18) 44. Bxe5 Ra8 45. Nc5 1-0

[Event "North Sea Cup 16th"]
[Site "Esbjerg"]
[Date "2001.07.11"]
[Round "6"]
[White "Hansen, Curt"]
[Black "Rustemov, Alexander"]
[Result "1-0"]
[WhiteElo "2626"]
[BlackElo "2607"]
[Annotator "Huzman,A"]
[PlyCount "69"]
[EventDate "2001.07.06"]
[EventType "tourn"]
[EventRounds "9"]
[EventCountry "DEN"]
[EventCategory "14"]
[SourceTitle "CBM 085"]
[Source "ChessBase"]
[SourceDate "2001.11.13"]
[SourceVersion "1"]
[SourceVersionDate "2001.11.13"]
[SourceQuality "1"]

1. d4 d5 2. c4 c6 3. Nf3 Nf6 4. Qc2 dxc4 5. Qxc4 Bf5 6. g3 e6 7. Bg2 Nbd7 8.
O-O Be7 9. Nc3 O-O 10. Bf4 Nd5 11. a3 (11. Bd2 Nb4 (11... Nxc3 12. bxc3 Be4 13.
Qb3 c5 14. Be3 Rc8 15. Nh4 Bxg2 16. Nxg2 cxd4 17. cxd4 Nb6 18. Nf4 Bd6 19. Nd3
Qe7 $11 {0-1 Pomes Marcet,J-Gual Pascual,A/Catalunia t-ch 1999/Ajelibre (40)})
12. e4 Bg4 13. Ne2 Bxf3 14. Bxf3 Ne5 15. Qb3 Nxf3+ 16. Qxf3 Nc2 17. Rad1 Nxd4
18. Nxd4 Qxd4 19. Bc3 {1/2-1/2 Adamski,J-Bang,A/Lyngby 1989/EXT 97 (19)}) (11.
Ne5 N7b6 12. Qb3 Nxf4 13. gxf4 Qxd4 $17 {0-1 Chiburdanidze,M-Torre,E/Kuala
Lumpur 1994/CBM 41 (42)}) 11... N7b6 12. Qb3 Nxc3 (12... Nxf4 13. gxf4 c5 14.
Rfd1 $1 (14. dxc5 Bxc5 15. Rad1 Qe7 16. Nd4 Bg6 17. Ne4 $11) 14... c4 15. Qb5 (
15. Qa2 Nd5 16. e3 Bc2 17. Rdc1 Bb3 18. Qb1 $16 {[%cal Gf3d2,Gd2b3,Gd2c4]}))
13. bxc3 (13. Qxc3 Be4 $11) 13... Be4 $11 14. Rac1 Bd5 15. Qb2 (15. c4 $2 Nxc4
16. Rxc4 b5 $19) 15... g5 (15... c5 $1 16. Nd2 (16. Rfd1 Nc4 17. Qa1 cxd4 18.
cxd4 Nxa3 $17) 16... Bxg2 17. Kxg2 Nd5 $36) 16. Be3 $8 Nc4 (16... Rb8 $142) 17.
Qxb7 Rb8 (17... g4 18. Ne5 (18. Nd2 Nxe3 19. fxe3 Bg5 20. Rf4 Bxf4 21. exf4
Bxg2 22. Kxg2 c5 $17) 18... Nxe5 19. Bxd5 cxd5 (19... Qxd5 20. Qxe7 $16) 20.
dxe5 Bxa3 21. Ra1 $16) 18. Qa6 (18. Qxa7 Ra8 19. Qb7 Rb8 20. Qa6 Ra8 $11) 18...
Rb5 19. Ne5 Nxe5 (19... Bxg2 20. Kxg2 Qd5+ 21. Kg1 Nxe5 22. dxe5 Ra5 (22...
Qxe5 23. Qxa7 $16) 23. Qb7 Bxa3 {-see game.}) 20. dxe5 Bxg2 21. Kxg2 Qd5+ 22.
Kg1 Ra5 23. Qb7 Bxa3 24. Ra1 $1 Qxe5 25. Qxc6 Be7 26. Rxa5 $1 (26. Bd4 Qd5 27.
Qxd5 Rxd5 28. Rxa7 Bc5 $16) 26... Qxa5 27. c4 Bf6 28. Rd1 Kg7 29. Kg2 a6 30.
Rd7 Qf5 31. c5 (31. Bc5 Rb8 32. e4 Qg6 33. Qxe6 $16) 31... Rd8 32. Ra7 Rd5 $2 (
32... Bd4 33. Bxd4+ Rxd4) 33. Qa4 Bd4 $4 (33... Rd8 34. c6 Qd5+ 35. f3 Qe5 36.
Kf2 $16) 34. Bxd4+ Kg6 35. f3 1-0

[Event "EU-ch 4th"]
[Site "Istanbul"]
[Date "2003.06.06"]
[Round "7"]
[White "Huzman, Alexander"]
[Black "Fontaine, Robert"]
[Result "1/2-1/2"]
[WhiteElo "2589"]
[BlackElo "2527"]
[Annotator "Huzman,A"]
[PlyCount "69"]
[EventDate "2003.05.30"]
[EventType "swiss"]
[EventRounds "13"]
[EventCountry "TUR"]
[SourceTitle "CBM 096"]
[Source "ChessBase"]
[SourceDate "2003.09.25"]
[SourceVersion "1"]
[SourceVersionDate "2003.09.25"]
[SourceQuality "1"]

1. d4 d5 2. c4 c6 3. Nf3 Nf6 4. Qc2 dxc4 5. Qxc4 Bf5 6. g3 e6 7. Bg2 Be7 8. O-O
O-O 9. Nc3 Nbd7 10. Re1 Ne4 11. Qb3 Qb6 12. Nh4 Bxh4 13. gxh4 (13. Nxe4 Bxe4
14. Bxe4 Bf6 15. Qc2 Bxd4 16. Bxh7+ Kh8 17. e3 Bf6 18. Bd3 Nc5 19. Be2 Rad8 20.
Rb1 Qb4 21. Kf1 Qe4 $11 {1/2-1/2 Benko,P-Gheorghiu,F/Mar del Plata 1965/MCD 
(27)}) 13... Nxc3 (13... Qxb3 14. axb3 Nef6 15. e4 Bg6 16. Bf4 Rfe8 17. Rad1
Bh5 18. f3 $14 {1-0 Grabarczyk,M-Sherwin,J/Panormo 2001/CBM 84 ext (31)}) (
13... Nef6 14. Qxb6 axb6 15. Bf4 b5 16. Bd6 Rfd8 17. a4 bxa4 18. Nxa4 Nf8 19.
Be5 Ng4 20. Bg3 Rxd4 21. Nc5 Rxa1 22. Rxa1 b6 23. Nb7 h5 24. Bxc6 Ng6 {1/2-1/2
Urban,K-Jaracz,P/Warsaw POL 2003/(24)}) 14. Qxc3 Bg6 15. Bf4 Qd8 (15... Rfe8
16. Rad1 f6 17. e4 e5 18. Be3 Qc7 19. d5 $16 {0-1 Ivanchuk,V-Bareev,E/Monaco
2002/CBM 87 ext (28)}) 16. Bg3 (16. Qg3 Nf6 17. Be5 (17. Bd6 Re8 18. e4 Nh5 $17
) 17... Nh5 18. Qb3 f6 19. Bg3 Qd7 $11) 16... f5 $6 (16... Nf6 $5 17. e4 Nh5
18. Rad1 f5 $132) 17. Bd6 $1 Re8 $2 (17... Rf7 18. Qb3 Nf8 19. Qg3 Bh5 $132 {
[%csl Rh4][%cal Yf8g6]}) 18. Qg3 Nf6 19. Be5 Ng4 20. Bf3 $1 Nxe5 21. dxe5 $36 {
[%csl Rg6][%cal Gg1g7]} Re7 $1 (21... Qd4 22. Red1 Qxb2 23. h5 Bf7 24. Rab1 Qc2
25. h6 Bg6 26. Qh4 $40) 22. h5 (22. Red1 $142 Rd7 (22... Qe8 23. Rd6 Bh5 24.
Rad1 $14) 23. e3 Rxd1+ 24. Rxd1 Qe8 25. Rd6 $36) 22... Bf7 23. Red1 (23. h6
$142 Bg6 24. Red1 Rd7 (24... Qe8 25. Rd6 gxh6 26. Rad1 Rg7 27. Qh4 $44) 25. e3
gxh6 26. Rxd7 Qxd7 27. Rd1 Qe7 28. Rd6 $44) 23... Qe8 24. Qh4 (24. h6 Bh5 25.
Rd6 Bxf3 26. exf3 Qg6 27. Qxg6 hxg6 28. hxg7 Kxg7 $11) 24... Rd8 25. h6 $1 (25.
Rd6 $2 Rxd6 26. exd6 Rd7 27. Rd1 e5 $17) 25... Red7 26. Rxd7 Rxd7 27. hxg7 Qd8
28. Qh6 (28. Qb4 $5 Kxg7 29. Kh1 Bg6 30. Rg1 Kf7 $132 {[%cal Yd8b6,Yd7d4]})
28... Bg6 (28... Qb6 $5 29. Kh1 Qxf2 30. Qf6 Qe3 31. Rg1 $36) 29. e3 $6 (29.
Kh1 $142 Rxg7 (29... Rd1+ 30. Rxd1 Qxd1+ 31. Kg2 Qd4 32. Qg5 Qxe5 33. Qd8+ Kxg7
34. Qd7+ Kh6 35. Qxb7 c5 36. Qxa7 $16) 30. Qe3 a6 31. Qb3 Re7 32. Rd1 Qa5 33.
Qe3 $1 Qxa2 $140 34. Qg5 $40) 29... Rxg7 30. Rd1 Qc7 $2 (30... Qa5 $142 31. Kh1
Qxe5 32. Rd8+ Kf7 33. Qh4 Qc7 34. Qd4 Ke7 35. Ra8 (35. Qxg7+ Kxd8 36. Qd4+ Ke7
37. Qxa7 e5 $11) 35... e5 36. Qb4+ Ke6 37. Rxa7 Rd7 $13) 31. Kf1 (31. Qh4 $1
Qxe5 32. Qd8+ Be8+ 33. Kf1 Kf8 34. Bh5 Re7 35. Rd7 $1 Qb5+ 36. Kg1 $18) 31...
Qxe5 32. Rd8+ ({White could still have kept some winning chances by playing} 
32. Qg5 $1 Be8 (32... Qc7 33. h4 Qe7 34. Rd8+ Be8 (34... Kf7 35. Qxe7+ Kxe7 36.
Rb8 b6 37. h5 Be8 38. h6 Rf7 39. Bh5 Rf8 40. Bxe8 Rxe8 41. Rb7+ Kf6 42. Rxh7 a5
43. Rc7 $16) 35. Qxe7 Rxe7 36. Bh5 Kf8 37. b4 $36 e5 38. a4 e4 39. a5 $16) 33.
Qd8 Kf8 34. Bh5 Qb5+ 35. Rd3 Re7 36. a4 Qxb2 (36... Qb6 37. Qxb6 axb6 38. Rd8)
37. Rd7 $1 Qb4 38. h3 $1 $18) (32. h4 $5 Kh8 33. Rd8+ Rg8 34. Rxg8+ Kxg8 35.
Qg5 Qg7 36. Qd8+ Qf8 37. Qd7 Qf7 38. Qc8+ Kg7 39. h5 $11) 32... Kf7 33. Rd7+
Kg8 (33... Kf8 34. Rxb7 $16) 34. Rd8+ Kf7 35. Rd7+ 1/2-1/2

[Event "Lost Boys 5th"]
[Site "Antwerp"]
[Date "1997.??.??"]
[Round "2"]
[White "Piket, Jeroen"]
[Black "Kortschnoj, Viktor Lvovich"]
[Result "1/2-1/2"]
[WhiteElo "2630"]
[BlackElo "2610"]
[Annotator "Huzman,A"]
[PlyCount "70"]
[EventDate "1997.08.01"]
[EventType "tourn"]
[EventRounds "7"]
[EventCountry "BEL"]
[EventCategory "15"]
[SourceTitle "CBM 061"]
[Source "ChessBase"]
[SourceDate "1997.11.23"]
[SourceVersion "1"]
[SourceVersionDate "1997.11.23"]
[SourceQuality "1"]

1. d4 d5 2. Nf3 Nf6 3. c4 dxc4 4. Qa4+ Nbd7 5. Nc3 a6 6. e4 (6. Qxc4 b5 7. Qc6
Ra7 8. Nd5 Nxd5 9. Qxd5 e6 10. Qb3 Bb7 11. Bf4 c5 12. e3 cxd4 13. exd4 Bd5 14.
Qc3 Nf6 15. a3 Ne4 16. Qd3 Qa5+ 17. Nd2 Bd6 18. Bxd6 Nxd6 19. Qg3 Qxd2+ 20.
Kxd2 Ne4+ {Fedorovsky,M-Vaulin,A/Komercni Banka op 1997/EXP 59/0-1 (56)}) 6...
b5 7. Nxb5 Nxe4 (7... Bb7 8. Nc3 Nxe4 9. Bxc4 e6 10. Ne5 Bd6 11. Nxe4 Bxe4 12.
O-O c6 13. Re1 Nb6 14. Qa5 Nxc4 15. Qxd8+ Rxd8 {1/2-1/2 Arkell,K-Speelman,J/
Dublin zt 1993/EXP 34}) 8. Bxc4 (8. Bf4 Nd6 (8... e5 9. Nxe5 axb5 10. Qxa8 Bb4+
11. Ke2) 9. Nxd6+ exd6 (9... cxd6 10. Bxc4 $32) 10. Bxc4 $14) 8... e6 9. Nc3 (
9. Bf4 Nd6 10. Nxd6+ Bxd6 11. Bxd6 cxd6 $11) 9... Nd6 10. Bb3 (10. Bd3 Be7 11.
Ne5 O-O 12. Nc6 Qe8 13. Qc2 $14) 10... Be7 11. Ne5 O-O 12. Nc6 Qe8 13. Nxe7+
Qxe7 14. O-O Bb7 (14... c5 15. d5 e5 16. Re1 $16) 15. Qa5 $1 {[%csl Rc5]} Nb6
$1 {[%csl Yd5][%cal Ye7d7,Yd6b5]} 16. Qc5 Rfc8 17. Bg5 (17. Re1 Qh4 $132 {
[%cal Yd6f5,Yh4g4]}) (17. d5 exd5 18. Nxd5 Nxd5 19. Bxd5 Qe5 20. Rd1 Re8 $15)
17... Qd7 18. Rfe1 {[%cal Gd4d5]} Nb5 $1 19. Rad1 Qc6 20. f3 (20. Qxc6 Bxc6 21.
Ne4 Bd5 $11 (21... a5 $5)) 20... Nxc3 21. bxc3 a5 $1 {[%csl Rc3,Rd4][%cal
Ya5a4,Yc6c5,Yb7d5,Yb6c4]} 22. a3 a4 23. Bc2 {[%cal Gc2e4]} (23. Ba2 $5 Qxc5 24.
dxc5 Nd5 25. Rd3 Bc6 $11 {[%cal Yc8b8,Yb8b2]}) 23... Qxc5 24. dxc5 Nc4 25. Rd4
Bd5 (25... Nxa3 26. Bxa4 $11) 26. Bd3 Na5 27. Rxa4 Nb3 $11 28. Rxa8 Rxa8 29. c4
Bc6 (29... Nxc5 30. Be2 Bc6 31. Be7 $11) 30. Bc2 Nxc5 31. Be7 Nd7 32. Bb4 g6
33. Kf2 Ba4 34. Bxa4 Rxa4 35. Rd1 c5 1/2-1/2